| 000 | 00717nam a2200205 a 4500 | ||
|---|---|---|---|
| 005 | 20240413063650.0 | ||
| 008 | 030328s1982 mx r 000 0 spa d | ||
| 035 | _aUPN01000123426 | ||
| 049 | _aCG | ||
| 050 | 4 |
_aHN5 _bC2.3 no.60 |
|
| 100 | 1 |
_aCarbó Pérez, Teresa _928655 |
|
| 245 | 1 | 4 |
_aLos indígenas debatidos y legislados : _bla educación indígena en la Cámara de Diputados 1920-1969 / _cTeresa Carbó. |
| 260 |
_aMéxico : _bCIESAS, _c1982. |
||
| 300 | _a294 p. | ||
| 440 | 0 |
_aCuadernos de la casa chata ; _v60 |
|
| 650 | 4 |
_aIndígenas de México _xEducación _910 |
|
| 650 | 4 |
_aEducación _xLeyes y legislación _zMéxico _99102 |
|
| 651 | 4 |
_aMéxico _xCondiciones sociales _xHistoria _916936 |
|
| 905 | _aLibro | ||
| 999 |
_c95606 _d95606 |
||